|
|
|
|
| LEADER |
00000cab a2200000 a 4500 |
| 001 |
vtls000500399 |
| 003 |
SK-MaSNL |
| 005 |
20260304102407.0 |
| 008 |
250425|1993 xo |||| | | 0||slo |
| 015 |
|
|
|a SNBRB2023
|
| 035 |
|
|
|a CL0500537
|
| 035 |
|
|
|a urn:nbn:sk:snk-abf6lx
|
| 035 |
|
|
|a (urnnbn)urn:nbn:sk:snk:ar-00044e
|
| 035 |
|
|
|a (uuid)f0aaa8bb-498d-4fb6-9eea-d52b6382c0fe
|
| 040 |
|
|
|a SNKBUCL
|b slo
|c SNKBUCL
|e AACR2
|
| 041 |
0 |
|
|a slo
|
| 044 |
|
|
|a xo
|c SK
|
| 072 |
|
7 |
|a 821.162.4.09
|x Slovenská literatúra (o nej)
|2 konspekt
|
| 080 |
|
|
|a 821.162.4-3
|2 2011
|
| 080 |
|
|
|a (0:82-95)
|2 2011
|
| 100 |
1 |
|
|a Petrík, Vladimír,
|d 1929-2017
|4 aut
|9 171168
|
| 245 |
1 |
0 |
|a Osud zaklinený do literatúry
|c Vladimír Petrík
|
| 600 |
1 |
7 |
|a Urban, Milo,
|d 1904-1982
|2 snkbucl
|9 104908
|
| 650 |
0 |
7 |
|a slovenské prózy
|2 snkbucl
|9 113495
|
| 650 |
0 |
7 |
|a autobiografické spomienky
|2 snkbucl
|9 386916
|
| 655 |
|
7 |
|a recenzie
|2 SNKPH
|9 21907
|
| 655 |
|
7 |
|a články z novín a časopisov
|2 snkbucl
|9 267496
|
| 773 |
0 |
|
|t Romboid
|g Roč. 28, č. 10 (1993), s. 33-34
|x 0231-6714
|
| 787 |
0 |
8 |
|i Recenzia:
|a Urban, Milo
|t Kade-tade po Halinde
|d Bratislava : Slovenský spisovateľ, 1992
|
| 850 |
|
|
|a Slovenská národná knižnica
|
| 852 |
|
|
|a Slovenská národná knižnica
|
| 958 |
|
|
|a article23
|
| 958 |
|
|
|a RK
|
| 958 |
|
|
|a LX
|
| 958 |
|
|
|a PETRIKArc/1993
|
| 958 |
|
|
|a OND
|
| 958 |
|
|
|a EUIPO
|
| 992 |
|
|
|a RBX
|
| 999 |
|
|
|c 2844818
|d 2846748
|